00309 2200133 4500001002100000005001500021035002000036245004700056260002800103082000800131084001200139990001200151990001200163INLIS00000000000262820250605031028 a0010-0625000214 aRevolusi Belajar Untuk Anak /cBob Samples aBandung :bKaifa,c2002 a370 a370 REV a0320135 a0320136